=LDR 00000nam 2200000 4500 =001 INLIS000000000006760 =005 20251114081946 =035 ##$$a 0010-1125000634 =007 ta =008 251114###########################0#ind## =082 ##$$a 362.283 =084 ##$$a 362.283 JUD p =100 #$$a Judono =245 1#$$a Pil Oral /$c Badan Koordinasi Keluarga Berencana Nasional =260 ##$$a Jakarta :$b Badan Koordinasi Keluarga Berencana Nasional =300 ##$$a 33 Hal : $b Ilus ; $c 21 =650 #4$$a Keluarga Berencana =856 ##$$a Perpustakaan Kemendukbangga